Languages on Wikipedia with Most Articles - Statistics

General Stats
  • This quiz has been taken 280 times
  • The average score is 33 of 50
Answer Stats
Lp Answer Articles % Correct
1. English 5 476 839
100%
15. Chinese 961 774
98%
9. Spanish 1 353 890
98%
6. French 1 908 690
96%
4. German 2 100 580
96%
13. Japanese 1 075 815
93%
7. Russian 1 420 771
93%
19. Arabic 540 141
92%
8. Italian 1 382 467
91%
14. Portuguese 978 104
90%
3. Swedish 3 788 656
89%
5. Dutch 1 910 969
87%
11. Polish 1 240 473
87%
25. Korean 397 123
86%
30. Turkish 298 276
85%
22. Finnish 421 738
83%
20. Norwegian (Bokmal) 474 987
83%
49. Norwegian (Nynorsk) 134 828
83%
21. Serbo-Croatian 439 813
83%
48. Greek 136 468
82%
34. Danish 231 373
78%
28. Serbian 355 955
76%
27. Romanian 378 988
75%
16. Ukrainian 728 958
75%
12. Vietnamese 1 160 940
74%
26. Czech 389 457
73%
23. Hungarian 416 899
73%
36. Slovak 222 068
73%
44. Estonian 160 989
69%
17. Persian 575 653
69%
45. Slovene 154 974
68%
33. Bulgarian 234 210
67%
41. Lithuanian 182 895
67%
42. Croatian 177 654
66%
29. Malay 303 951
66%
40. Hebrew 212 542
65%
24. Indonesian 409 811
57%
39. Kazakh 219 575
51%
35. Armenian 229 814
47%
50. Uzbek 129 001
45%
18. Catalan 554 475
43%
46. Belarusian 145 927
41%
32. Esperanto 241 796
33%
31. Basque 283 504
27%
2. Cebuano 5 291 463
19%
47. Galician 141 054
19%
38. Min Nan 221 396
8%
10. Waray-Waray 1 262 885
8%
43. Chechen 164 314
7%
37. Minangkabau 221 993
3%
No matching quizzes found
Score Distribution
Percent of People with Each Score
Percentile by Number Answered
Your Score History
You have not taken this quiz